Dioclétien : L'Empire restauré (notice n° 1568487)

détails MARC
000 -LEADER
fixed length control field 01666cam a2200133 4500500
005 - DATE AND TIME OF LATEST TRANSACTION
control field 20251214004345.0
041 ## - LANGUAGE CODE
Language code of text/sound track or separate title fre
042 ## - AUTHENTICATION CODE
Authentication code dc
100 10 - MAIN ENTRY--PERSONAL NAME
Personal name Rémy, Bernard
Relator term author
245 00 - TITLE STATEMENT
Title Dioclétien : L'Empire restauré
260 ## - PUBLICATION, DISTRIBUTION, ETC.
Name of publisher, distributor, etc. Armand Colin,<br/>
Date of publication, distribution, etc. 2016.<br/>
520 ## - SUMMARY, ETC.
Summary, etc. Lorsque Dioclétien est porté au pouvoir par l’armée en 284, cela fait près d’un demi-siècle que l’Empire romain est en butte à l’anarchie politique et militaire, aux périls qui s’accumulent aux frontières et au délitement du pouvoir impérial. Afin d’assurer la continuité de ce pouvoir et de restaurer l’Empire, Dioclétien met en place un système politique original, la tétrarchie, qui associe deux Augustes et deux Césars au gouvernement des territoires orientaux et occidentaux de l’Empire. Même court, ce temps de la tétrarchie a transformé en profondeur le monde romain : en vingt ans, Dioclétien a pacifié les frontières, réorganisé le découpage administratif de l’Empire et créé de nouveaux centres, loin de Rome ; il a séparé et élargi les services civils et militaires, lancé une réforme de la fiscalité et poursuivi une œuvre de bâtisseur. Pourtant, malgré ce bilan considérable, ne reste souvent de Dioclétien que l’image de l’absolutisme monarchique et du Prince persécuteur des chrétiens, à travers la figure emblématique de saint Sébastien. Entre légende noire et réalité, Bernard Rémy nous propose le portrait tout en nuances de celui qui aura permis à l’Empire de perdurer encore deux siècles.
856 41 - ELECTRONIC LOCATION AND ACCESS
Uniform Resource Identifier <a href="https://shs.cairn.info/diocletien--9782200614119?lang=fr&redirect-ssocas=7080">https://shs.cairn.info/diocletien--9782200614119?lang=fr&redirect-ssocas=7080</a>

Pas d'exemplaire disponible.

PLUDOC

PLUDOC est la plateforme unique et centralisée de gestion des bibliothèques physiques et numériques de Guinée administré par le CEDUST. Elle est la plus grande base de données de ressources documentaires pour les Étudiants, Enseignants chercheurs et Chercheurs de Guinée.

Adresse

627 919 101/664 919 101

25 boulevard du commerce
Kaloum, Conakry, Guinée

Réseaux sociaux

Powered by Netsen Group @ 2025